| 000 | 01026nam a2200265 i 4500 | ||
|---|---|---|---|
| 001 | bg | ||
| 245 | 0 | 0 |
_aRocznik statystyczny pracy 2006 / _cGłówny Urząd Statystyczny = Yearbook of Labour Statistics 2006 / Central Statistical Office ; [red. gł. Halina Dmochowska]. |
| 246 |
_iTyt. równol.: _aYearbook of Labour Statistics 2006 |
||
| 260 |
_aWarszawa : _bZakład Wydawnictw Statystycznych, _c2006. |
||
| 300 |
_a433, [1] s. ; _c24 cm. |
||
| 490 | 1 |
_aRoczniki Branżowe = Branch Yearbooks / Główny Urząd Statystyczny ; _x1426-8760 |
|
| 500 | _aNumeracja pierwszego zeszytu : 1995. | ||
| 546 | _aTekst równol. ang. i pol. | ||
| 650 | 9 |
_aPraca _zPolska _ystan na 2005 r. |
|
| 700 | 1 |
_aDmochowska, Halina. _eRed. |
|
| 710 | 1 |
_aPolska. _bGłówny Urząd Statystyczny |
|
| 830 | 0 | _aRoczniki Branżowe - Główny Urząd Statystyczny | |
| 022 | _a1426-8760 | ||
| 040 | _cBPK | ||
| 041 | 0 |
_apol _aeng |
|
| 044 | _aPOL | ||
| 080 | _a311(438)"2001/..." | ||
| 942 | _cKS | ||
| 008 | 100824s2006 pl a |000 0 pol | ||
| 999 |
_c50824 _d50824 |
||
| 856 |
_uhttp://koha.tu.koszalin.pl/cgi-bin/koha/opac-detail.pl?biblionumber=50824 _yKatalog online BPK |
||